00402 a2200157 4500260001000000260001300010245003700023300001000060650002500070650001800095260000900113130000800122710005200130710004400182020001800226 aParis bHachette aVocabulaire de l' environnement. a144p. aOUVRAGE DE REFERENCE aENVIRONNEMENT c1976 lFr. aConseil International de la Langue Française. aMinistère de la qualité de la vie.  a2-85319-025-0